[Event "COL-ch U16"]
[Site "Medellin"]
[Date "2025.04.25"]
[Round "2"]
[White "Galvez Lopez, Juan Martin"]
[Black "Rodas Florez, Cristian David"]
[Result "1-0"]
[WhiteElo "1675"]
[BlackElo "1497"]
[PlyCount "67"]
[EventDate "2025.04.24"]
[EventType "swiss"]
[EventRounds "7"]
[EventCountry "COL"]
[SourceTitle "CB18_2025"]
[SourceDate "2025.04.30"]
[SourceVersion "1"]
[SourceVersionDate "2025.04.30"]
[SourceQuality "1"]

1. c4 e6 2. d4 d5 3. Nf3 Nf6 4. Nc3 Be7 5. Bf4 0-0 6. e3 b6 7. cxd5 Nxd5 8. Bg3 Bb7 9. Be2 Bd6 10. Qc2 Qe7 11. Bh4 Qd7 12. Ng5 Nf6 13. Bf3 Bxf3 14. Nxf3 Be7 15. Ne5 Qd8 16. 0-0 Nd5 17. Bxe7 Qxe7 18. h3 c5 19. Qe4 Nd7 20. Nc6 Qd6 21. Nxd5 exd5 22. Ne7+ Kh8 23. Nxd5 Rfe8 24. dxc5 Nxc5 25. Qf3 Rad8 26. Rfd1 Qg6 27. Ne7 Qe6 28. Nc6 Rd7 29. Rxd7 Qxd7 30. Rd1 Qc7 31. Qd5 Ne6 32. Qd7 Rc8 33. Ne5 Rd8 34. Nxf7+ 1-0

[Event "Manizales Feria op 29th"]
[Site "Manizales"]
[Date "2024.01.06"]
[Round "3"]
[White "Galvez Lopez, Juan Martin"]
[Black "Alzate Catano, Cristhoper"]
[Result "1-0"]
[WhiteElo "1302"]
[BlackElo "1500"]
[PlyCount "77"]
[EventDate "2024.01.05"]
[EventType "swiss"]
[EventRounds "7"]
[EventCountry "COL"]
[SourceTitle "CBM 218 Extra"]
[Source "ChessBase"]
[SourceDate "2024.03.31"]
[SourceVersion "1"]
[SourceVersionDate "2024.03.31"]
[SourceQuality "1"]

1. e4 e5 2. Nf3 Nc6 3. Bb5 Nf6 4. d3 b6 5. Bxc6 dxc6 6. Nxe5 Bd6 7. Nf3 Bg4 8. h3 Bxf3 9. Qxf3 0-0 10. 0-0 Qe7 11. Bg5 Be5 12. c3 Rad8 13. d4 Bxd4 14. cxd4 Rxd4 15. Bxf6 Qxf6 16. Qxf6 gxf6 17. Nc3 Rfd8 18. Rad1 Rxd1 19. Rxd1 Rxd1+ 20. Nxd1 c5 21. Nc3 c6 22. f4 a5 23. Na4 b5 24. Nxc5 b4 25. b3 Kg7 26. Nb7 a4 27. bxa4 Kf8 28. a5 f5 29. e5 f6 30. a6 fxe5 31. fxe5 b3 32. axb3 f4 33. a7 f3 34. a8Q+ Kf7 35. Nd8+ Kg6 36. Qxc6+ Kh5 37. Nf7 Kh4 38. Qh6+ Kg3 39. Qg5# 1-0